Language Quiz

Random Language or French Quiz

Yr9 G: le présent - régulier - conjugaisons Quiz Stats

 Plays Quiz not verified by Sporcle

Score 0/30 Timer 02:00
0 Plays Today
Sujet - Verbes Conjugaison % Correct
au présent de l'indicatif : MAINTENANTaide
95.9%
au présent de l'indicatif : MAINTENANThabite
89%
au présent de l'indicatif : MAINTENANTrencontre
87.7%
au présent de l'indicatif : MAINTENANTtravaille
83.6%
au présent de l'indicatif : MAINTENANTétudies
83.6%
au présent de l'indicatif : MAINTENANTrentrons
82.2%
au présent de l'indicatif : MAINTENANTprépare
82.2%
au présent de l'indicatif : MAINTENANTjouent
78.1%
au présent de l'indicatif : MAINTENANTretrouvent
78.1%
au présent de l'indicatif : MAINTENANTrestent
76.7%
au présent de l'indicatif : MAINTENANTvérifiez
75.3%
au présent de l'indicatif : MAINTENANToublient
75.3%
au présent de l'indicatif : MAINTENANTvoyage
75.3%
au présent de l'indicatif : MAINTENANTportes
72.6%
au présent de l'indicatif : MAINTENANTgagnons
69.9%
Sujet - Verbes Conjugaison % Correct
au présent de l'indicatif : MAINTENANT obéis
63%
au présent de l'indicatif : MAINTENANT grossis
60.3%
au présent de l'indicatif : MAINTENANT maigrit
53.4%
au présent de l'indicatif : MAINTENANT réfléchissons
39.7%
au présent de l'indicatif : MAINTENANT vieillit
39.7%
au présent de l'indicatif : MAINTENANT réussissez
28.8%
au présent de l'indicatif : MAINTENANT rougissent
26%
au présent de l'indicatif : MAINTENANT applaudissent
21.9%
au présent de l'indicatif : MAINTENANT rends visite
19.2%
au présent de l'indicatif : MAINTENANT perds
16.4%
au présent de l'indicatif : MAINTENANT répond
15.1%
au présent de l'indicatif : MAINTENANT dépend
13.7%
au présent de l'indicatif : MAINTENANT vendez
9.6%
au présent de l'indicatif : MAINTENANT descendons
9.6%
au présent de l'indicatif : MAINTENANT défendent
8.2%

You're not logged in!

Compare scores with friends on all Sporcle quizzes.
OR
Log In

Sporcle TV

Today on Sporcle TV


Watch our educational content, quiz creation guides, and fun videos on Sporcle TV.

Show Comments

Extras

Top Quizzes Today


Score Distribution

Your Account Isn't Verified!

In order to create a playlist on Sporcle, you need to verify the email address you used during registration. Go to your Sporcle Settings to finish the process.

Report this User

Report this user for behavior that violates our Community Guidelines.

Details: